005210000a22001570004500020001800000041000800018082002100026100003700047245009600084260002000180300001200200001000600212942000700218952012100225999001700346 a84-7530-466-40 aSPA04aG 839.717 K1852f1 aKarlfeldt, Erik Axel (1864-1931)10aFlora y pomona y otros poemas / Erik Axel Karlfeldt ; Jesús Pardo de Santayana, Traductor aMadrid : Orbis a155 Pag13235 cBK 001040708GENaFUSBCbFUSBCd2005-10-27l0oG 839.717 K1852f p11228r2019-12-12 00:00:00t1w2016-01-26yBKB0C3 c42222d42222